[Event "Festival Szmetan-Giardelli 2018"]
[Site "Buenos Aires"]
[Date "2018.12.09"]
[Round "6"]
[White "Hoffman, Alejandro"]
[Black "Darcyl, Tomas"]
[Result "1/2-1/2"]
[WhiteElo "2470"]
[BlackElo "2366"]
[Annotator "TA"]
[PlyCount "29"]
[EventDate "2018.12.04"]
[EventType "tourn"]
[EventCountry "ARG"]
[SourceTitle "playchess.com"]
[Source "ChessBase"]
[SourceQuality "1"]

{[%evp 19,23,-11,7,0,0,-11]} 1. Nf3 Nf6 2. g3 b5 3. Bg2 Bb7 4. O-O e6 5. d3 c5 6. e4 d6 7. a4 a6 {A05: Réti Opening: 1 Nf3 Nf6} (7... b4 8. Nbd2 Nc6 9. Nc4 Qc7 10. Re1 Be7 11. a5 Rd8 12. a6 Ba8 13. Bf4 O-O 14. e5 dxe5 15. Nfxe5 Qc8 16. Nxc6 Bxc6 17. Bxc6 Qxc6 {0-1 (53) Naiditsch,A (2705)-Fedorchuk,S (2648) Riadh 2017}) 8. Re1 Be7 9. Nbd2 O-O 10. c3 Nbd7 {LiveBook: 5 Games} 11. Qe2 Qc7 12. h4 {Predecessor:} Rfc8 $146 13. Bh3 Nf8 14. Ng5 h6 15. Ngf3 {½-½ (33) Pychova,N (2127)-Simet,M (2175) Kouty nad Desnou 2018} 1/2-1/2

[Event "Festival Szmetan-Giardelli 2018"]
[Site "Buenos Aires"]
[Date "2018.12.09"]
[Round "6"]
[White "Slipak, Sergio"]
[Black "Granda Zuniga, Julio E"]
[Result "1/2-1/2"]
[WhiteElo "2421"]
[BlackElo "2650"]
[Annotator "RC"]
[PlyCount "31"]
[EventDate "2018.12.04"]
[EventType "tourn"]
[EventCountry "ARG"]
[SourceTitle "playchess.com"]
[Source "ChessBase"]
[SourceQuality "1"]
[TimeControl "40/5400+30:1800+30"]

1. d4 {[%emt 0:00:00]} Nf6 {[%emt 0:00:00]} 2. c4 {[%emt 0:00:00]} e6 {[%emt 0:00:00]} 3. Nc3 {[%emt 0:00:00]} Bb4 {[%emt 0:00:04]} 4. Bd2 {[%emt 0:00:01]} O-O {[%emt 0:07:07]} 5. Nf3 {[%emt 0:00:17]} d6 {[%emt 0:01:59]} 6. a3 {[%emt 0:01:59]} Bxc3 {[%emt 0:00:06]} 7. Bxc3 {[%emt 0:00:07]} Ne4 {[%emt 0:00:44]} 8. Rc1 {[%emt 0:01:12]} b6 {[%emt 0:01:28]} 9. g3 {[%emt 0:01:11]} Bb7 {[%emt 0:01:31]} 10. Bg2 {[%emt 0:00:15]} Nd7 {[%emt 0:00:32]} 11. O-O {[%emt 0:00:26]} Qe7 {[%emt 0:00:18]} 12. b4 {[%emt 0:05:51]} Nxc3 {[%emt 0:01:45]} 13. Rxc3 {[%emt 0:00:09]} a5 {[%emt 0:00:06]} 14. Qc2 {[%emt 0:03:18]} Nf6 {[%emt 0:03:28]} 15. Nd2 {[%emt 0:02:38]} Bxg2 {[%emt 0:00:12]} 16. Kxg2 {[%emt 0:00:11]} 1/2-1/2

[Event "Festival Szmetan-Giardelli 2018"]
[Site "Buenos Aires"]
[Date "2018.12.11"]
[Round "7"]
[White "Mareco, Sandro"]
[Black "Perez Ponsa, Federico"]
[Result "1/2-1/2"]
[WhiteElo "2656"]
[BlackElo "2554"]
[Annotator "TA"]
[PlyCount "82"]
[EventDate "2018.12.04"]
[EventType "tourn"]
[EventCountry "ARG"]
[SourceTitle "playchess.com"]
[Source "ChessBase"]
[SourceQuality "1"]

{[%evp 24,82,31,32,40,21,25,23,9,25,23,16,43,13,30,22,56,18,42,18,31,25,35,16,16,11,14,14,14,14,14,13,13,13,16,14,13,14,10,0,0,0,0,0,0,4,8,8,8,8,8,8,8,8,8,8,8,8,8,8,8]} 1. c4 g6 2. g3 Bg7 3. Bg2 Nf6 4. d4 O-O 5. Nc3 d6 6. Nf3 Bf5 7. Nh4 Bc8 8. O-O c6 {E62: King's Indian: Fianchetto: 6...c6 and Panno Variation (6...Nc6) without ...a6} 9. b3 (9. Nf3 Bf5 10. b3 Ne4 11. Bb2 Nxc3 12. Bxc3 Be4 13. Re1 c5 14. Qd2 Nc6 15. d5 Bxf3 16. Bxg7 Kxg7 17. Bxf3 Ne5 18. Bg2 a6 19. a4 Qb6 20. f4 Nd7 {1-0 (79) Bindrich,F (2588)-Dobrev,N (2333) Berlin 2018}) 9... e5 $146 ({Predecessor:} 9... Nbd7 10. e4 e5 11. Nf3 exd4 12. Nxd4 Re8 13. Rb1 Ne5 14. Bb2 Nh5 15. f4 Bg4 16. Nf3 Bxf3 17. Bxf3 Nxf3+ 18. Qxf3 Qd7 19. Kg2 f5 20. Rfd1 Bxc3 21. Qxc3 {½-½ (40) Kotoucek,J (1796)-Docekalova,Z Ostrava 2006}) 10. dxe5 dxe5 11. Ba3 Qxd1 12. Raxd1 Re8 13. Nf3 {LiveBook: 3 Games} Na6 14. h3 Bf8 15. Bxf8 Kxf8 16. Rd6 Kg7 17. Rfd1 Re7 18. a3 Bf5 19. b4 Rae8 20. Rd8 Bc2 {[#] aiming for ...e4.} 21. R1d6 Nc7 22. Rxe8 Rxe8 23. b5 cxb5 {The position is equal.} 24. cxb5 Re7 25. b6 axb6 26. Ne1 Bb3 27. Rxb6 Bd5 $1 28. Nd3 Bxg2 29. Kxg2 Ncd5 30. Nxd5 Nxd5 $11 {[%mdl 4096] Endgame KRN-KRN} 31. Rb5 Nc3 32. Rxe5 Rxe5 33. Nxe5 Nxe2 {KN-KN} 34. Kf3 Ng1+ 35. Ke3 Nxh3 36. Nc4 Kf6 37. Nd6 Ke6 38. Nxb7 Kd5 39. Nd8 f5 40. Kf3 Ng5+ 41. Kf4 Nh3+ {Accuracy: White = 60%, Black = 60%.} 1/2-1/2

[Event "Festival Szmetan-Giardelli 2018"]
[Site "Buenos Aires"]
[Date "2018.12.11"]
[Round "7"]
[White "Granda Zuniga, Julio E"]
[Black "Bacallao Alonso, Yusnel"]
[Result "1-0"]
[WhiteElo "2650"]
[BlackElo "2582"]
[Annotator "TA"]
[PlyCount "91"]
[EventDate "2018.12.04"]
[EventType "tourn"]
[EventCountry "ARG"]
[SourceTitle "playchess.com"]
[Source "ChessBase"]
[SourceQuality "1"]

{[%evp 15,91,7,29,10,9,7,20,14,42,21,17,14,33,23,29,41,33,26,35,8,19,0,17,25,53,26,49,30,26,23,37,28,71,58,71,75,71,58,69,60,70,58,84,0,0,0,43,7,28,-21,38,26,24,34,47,47,42,40,44,0,26,20,41,29,52,52,56,26,100,81,99,110,140,135,141,142,144,137]} 1. b3 Nf6 2. Bb2 e6 3. Nf3 b6 4. e3 c5 5. c4 Bb7 6. Be2 Be7 7. O-O O-O 8. d4 cxd4 {LiveBook: 96 Games. A30: Symmetrical English: Double Fianchetto and Hedgehog} 9. Qxd4 (9. Nxd4 a6 10. Nc3 d6 11. Bf3 Qc7 12. Rc1 Nbd7 13. Qe2 Rac8 14. Rfd1 Rfd8 15. h3 Bf8 16. g4 Ne5 17. Bxb7 Qxb7 18. f4 Nc6 19. g5 Ne8 20. Qg2 Rd7 21. Nxc6 Qxc6 {½-½ (63) Salgado Lopez,I (2644)-Leko,P (2691) Riadh 2017}) 9... d6 10. Rd1 Nbd7 {The position is equal.} 11. Nc3 a6 12. e4 $146 ({Predecessor:} 12. Qf4 Qc7 13. Qg3 Rac8 14. a4 Rfe8 15. Nd2 Bf8 16. Rdc1 {0-1 (38) Serafimov,T (2421)-Milanovic,D (2507) Metz 2010}) 12... Qb8 13. h3 Rd8 14. Qe3 Qc7 15. b4 Rac8 16. a3 Qb8 17. Nd2 Re8 18. f4 {[%cal Bf2f4,Bf4f5][%mdl 32]} Bd8 19. Kh1 Bc7 20. Bf3 h6 21. Re1 e5 22. f5 Bc6 23. a4 a5 24. b5 Bb7 25. g3 Bd8 26. Kg2 Be7 27. Rec1 Nc5 28. h4 Rc7 29. Nd1 (29. Nd5 $16) 29... Qd8 30. Nf2 Nh7 31. Rd1 Bf8 32. Ra2 Qe7 ({Better is} 32... Nf6 $11) 33. Nb1 Rec8 34. Nc3 Nd7 35. Be2 Nhf6 36. Ba3 Nc5 37. Bf3 Ne8 38. Rb2 Kh7 39. Kh2 Nd7 40. Be2 $1 $36 {[%mdl 2048] White is more active.} Nc5 41. Rbb1 g6 (41... Nf6 $11 {keeps the balance.}) 42. Qf3 Nd7 43. Ng4 {[%cal Bf2g4,Bg4e3,Be3d5][%mdl 32]} h5 44. Ne3 {[#] Black must now prevent Ned5.White is clearly better.} Ndf6 45. Ned5 Bxd5 46. Nxd5 {Accuracy: White = 53%, Black = 37%.} 1-0

[Event "Festival Szmetan-Giardelli 2018"]
[Site "Buenos Aires"]
[Date "2018.12.11"]
[Round "7"]
[White "Flores, Diego"]
[Black "Slipak, Sergio"]
[Result "1-0"]
[WhiteElo "2631"]
[BlackElo "2421"]
[Annotator "TA"]
[PlyCount "135"]
[EventDate "2018.12.04"]
[EventType "tourn"]
[EventCountry "ARG"]
[SourceTitle "playchess.com"]
[Source "ChessBase"]
[SourceQuality "1"]

{[%evp 32,135,-24,-35,-32,-12,-27,-40,0,-36,-42,-52,-36,-66,-49,-42,-27,-31,-31,-30,-42,-88,-87,-75,-16,-6,-13,-28,0,0,0,-11,42,0,60,65,88,59,79,76,78,62,121,94,147,73,134,92,142,111,113,117,112,106,230,119,281,255,269,264,267,195,346,162,286,277,268,268,432,337,423,348,376,304,363,364,345,356,529,493,582,600,742,730,769,771,819,815,806,759,768,769,941,727,699,697,735,729,1174,778,1383,1229,1469,1433,1783,1355]} 1. Nf3 c5 2. c4 Nc6 3. Nc3 e5 4. g3 g6 5. Bg2 Bg7 6. a3 a5 7. O-O Nge7 8. Rb1 d6 9. d3 O-O 10. Ne1 Be6 11. Nc2 d5 12. cxd5 Nxd5 13. Ne3 Nde7 14. Bd2 {A37: Symmetrical English vs ...g6: 4 Bg2 Bg7 5 Nf3} (14. Nc4 h6 15. Be3 b6 16. Qa4 Bd7 17. Qd1 Rb8 18. f4 Nf5 19. Bd2 b5 20. Nxe5 Nxe5 21. fxe5 Bxe5 22. Kh1 {½-½ (58) Radjabov,T (2713)-Grischuk,A (2783) Beijing 2013}) 14... Rb8 15. Na4 b6 {[%cal Bb7b6,Bb6b5][%mdl 32]} 16. b4 cxb4 17. axb4 {LiveBook: 6 Games} b5 18. Nc5 a4 {[#]} 19. Nc2 $146 ({Predecessor:} 19. Nxe6 fxe6 {½-½ (42) Kunin,V (2589)-Mihok,O (2464) Boeblingen 2014}) 19... Qc8 20. Re1 Bh3 21. Bh1 Qd8 22. Na3 Qb6 23. e3 h5 24. Qc2 Rfd8 25. Qa2 Bf5 26. e4 Bg4 27. Nc2 {[#]} Rd6 (27... Nd4 $1 $17) 28. Be3 Qd8 29. Bg2 Qf8 30. h3 Bc8 31. Rbd1 Bh6 (31... Qd8 $11) 32. d4 Bxe3 (32... exd4 $11 33. e5 Rd8 34. Bxd4 Bf5) 33. fxe3 $14 Qg7 {[%cal Re5d4]} 34. Qa1 Kh7 35. Rf1 Nd8 36. Rf2 Be6 ({Black should play} 36... Nec6 $14) 37. d5 Bc8 (37... Bd7 $142) 38. Qc3 (38. Bf1 $142) 38... Bd7 ({Better is} 38... f6) 39. Na3 Be8 40. Nd3 $36 {[%mdl 2048] Hoping for Qc7. White is on the roll.} f6 41. Qc7 Rbb6 42. Rc1 Ra6 (42... Ng8 $16) 43. Kh2 ({White should try} 43. Nc5 $18 Rab6 44. Nxa4 {[%mdl 64] Deflection} bxa4 45. Nc4 {[%mdl 64] Double Attack} Nxd5 46. Qxg7+ Kxg7 47. Nxd6 (47. exd5 Nf7 $16) 47... Rxd6 48. exd5) 43... Ne6 $2 {[#]} (43... Rab6 $16 44. Rcc2 Kh6) 44. Qb8 $1 $18 {[%cal Rb8e8]} Rab6 45. Qa8 ({Weaker is} 45. Qxe8 Rd8 $16) 45... Qf8 {With the idea ...Ra6.} 46. Nc5 Ng7 $2 (46... Nd8 47. Bf1 f5) 47. Qa7 (47. Bf1 $142) 47... Kh6 (47... Nc8 $142 48. Qa5 Qe7) 48. Nd3 Ra6 49. Qc7 Bf7 $2 (49... f5 50. Nxe5 Rf6) 50. Rcf1 Ne8 51. Qc3 Bg8 {[#]} 52. Nxe5 $1 {[%mdl 512]} Rd8 (52... fxe5 53. Rxf8) 53. Nd3 Qg7 54. Nxb5 h4 (54... f5 {might work better.} 55. exf5 Qxc3 56. Nxc3 gxf5) 55. g4 {White is clearly winning.} a3 56. Nc5 Raa8 57. d6 Nc6 58. d7 Rxd7 59. e5 Nxe5 60. Bxa8 Rd8 61. Bg2 Bc4 62. Nxa3 Bxf1 63. Rxf1 Qc7 {( -> ...Nxg4+)} 64. Kh1 Rd3 65. Qc1 Qa7 66. Nb5 {[%cal Ba3b5,Bb5d4,Bd4c6][%mdl 32]} Qb8 67. Nd4 Qxb4 68. Nc6 {Accuracy: White = 60%, Black = 32%.} 1-0

[Event "Festival Szmetan-Giardelli 2018"]
[Site "Buenos Aires"]
[Date "2018.12.11"]
[Round "7"]
[White "Iturrizaga Bonelli, Eduardo"]
[Black "Hoffman, Alejandro"]
[Result "1-0"]
[WhiteElo "2628"]
[BlackElo "2470"]
[Annotator "TA"]
[PlyCount "71"]
[EventDate "2018.12.04"]
[EventType "tourn"]
[EventCountry "ARG"]
[SourceTitle "playchess.com"]
[Source "ChessBase"]
[SourceQuality "1"]

{[%evp 22,71,63,82,120,75,69,57,130,129,112,116,125,129,177,175,220,131,112,126,163,157,174,174,182,175,172,191,261,261,237,247,285,285,285,283,262,243,298,306,306,293,275,259,416,422,423,417,521,518,514,506]} 1. c4 e6 2. d4 Nf6 3. g3 d5 4. Bg2 Be7 5. Nf3 O-O 6. O-O c6 7. b3 Nbd7 8. Bb2 b6 9. Nc3 Ba6 10. Nd2 Rc8 11. e4 c5 {E07: Closed Catalan: Main Line (5 Nf3 0-0 6 0-0 Nbd7)} (11... dxe4 12. Re1 c5 13. Ndxe4 cxd4 14. Qxd4 Nc5 15. Qe3 Qc7 16. Nxc5 Bxc5 17. Qf3 Rfd8 18. Ne2 Qe7 19. Rad1 Rxd1 20. Rxd1 {½-½ (48) Kramnik,V (2796)-Karjakin,S (2762) Nizhnij Novgorod 2013}) 12. exd5 {LiveBook: 3 Games} exd5 13. dxc5 d4 {White is better.} 14. c6 Ne5 ({Black should play} 14... dxc3 $14 15. cxd7 cxb2 16. dxc8=Q Bxc8) 15. Nb5 $146 {[%cal Bc3b5,Bb5d4,Bd4f5][%mdl 32]} ({Predecessor:} 15. Nd5 Nxc6 16. Nxe7+ Nxe7 17. Re1 b5 18. Rc1 Re8 19. cxb5 Bxb5 20. Rxc8 Nxc8 21. Rxe8+ Nxe8 {1-0 (33) Agafonov,N-Petkevich,J (2445) Riga (Latvia) 1978}) 15... Nxc6 16. Nf3 d3 {[#]} 17. Nbd4 $1 Nb4 18. Ne5 Bc5 {[#]} 19. Nxd3 ({White should try} 19. Nf5 $1 $18) 19... Nxd3 20. Qxd3 Qd7 21. Rad1 Bb7 22. Nf5 Qxd3 23. Rxd3 Bxg2 24. Kxg2 Rfd8 (24... Rc6 {might work better.} 25. Rfd1 h5) 25. Rfd1 $18 Rxd3 26. Rxd3 a5 27. Bxf6 gxf6 {[%mdl 4096] Endgame KRB-KRN} 28. Rd7 Re8 29. Kf3 h5 30. Nd6 Re5 31. Ne4 ({Weaker is} 31. Nxf7 Rf5+ 32. Ke4 Rxf2 $16) 31... Be7 32. Kf4 Kg7 $2 (32... Re6 33. Rd5 h4 34. gxh4 f5) 33. Rd5 Re6 34. Rxh5 Ba3 35. Rd5 Kg6 36. g4 {Accuracy: White = 93%, Black = 35%.} 1-0

[Event "Festival Szmetan-Giardelli 2018"]
[Site "Buenos Aires"]
[Date "2018.12.11"]
[Round "7"]
[White "Pichot, Alan"]
[Black "El Debs, Felipe de Cresce"]
[Result "1-0"]
[WhiteElo "2562"]
[BlackElo "2544"]
[Annotator "TA"]
[PlyCount "75"]
[EventDate "2018.12.04"]
[EventType "tourn"]
[EventCountry "ARG"]
[SourceTitle "playchess.com"]
[Source "ChessBase"]
[SourceQuality "1"]

{[%evp 16,75,40,27,27,32,33,33,33,33,27,27,27,26,12,20,15,29,27,15,8,13,77,0,79,76,78,69,190,191,224,242,275,278,272,256,264,264,268,252,386,377,512,479,428,455,887,885,777,778,846,663,1501,1422,29977,29978,29978,29978,29977,29979,29990,29988]} 1. e4 e5 2. Nf3 Nc6 3. Bb5 a6 4. Ba4 d6 5. O-O Bd7 6. c4 Nge7 {C72: Ruy Lopez: Deferred Steinitz: 5 0-0} (6... g5 7. Bxc6 bxc6 8. d4 g4 9. Ne1 exd4 10. Qxd4 Qf6 11. Qd2 Bg7 12. Nc3 Ne7 13. Nd3 Ng6 14. Qe2 {0-1 (27) Hansen,E (2629)-Mamedyarov,S (2804) chess.com INT 2018}) 7. Nc3 g6 8. d4 {[%cal Bd2d4,Bd4d5][%mdl 32]} Bg7 9. d5 {LiveBook: 3 Games} Nd4 10. Nxd4 exd4 11. Bxd7+ $146 ({Predecessor:} 11. Ne2 b5 12. cxb5 axb5 13. Bb3 c5 14. dxc6 Nxc6 {1-0 (31) Fier,A (2576)-Hungaski,R (2492) Medellin 2017}) 11... Qxd7 12. Ne2 c5 13. a4 O-O 14. Nf4 b5 15. b3 $1 bxc4 16. bxc4 Rab8 17. Nd3 f5 18. f3 {[%cal Bf2f3,Bf3e4,Be4e5][%mdl 32]} h6 {[#]} (18... fxe4 $11 {remains equal.} 19. fxe4 Rxf1+ 20. Qxf1 Re8) 19. h4 ({White should play} 19. e5 $1 $16 {[%mdl 512]}) 19... Kh7 {[#]} (19... fxe4 $11 20. fxe4 Rxf1+ 21. Qxf1 Qg4) 20. Bf4 $1 $16 fxe4 21. fxe4 Ng8 {[#]} ({Better is} 21... Rbe8 $14) 22. h5 $1 $18 {[%cal Rh5g6]} g5 23. Bh2 Rxf1+ 24. Qxf1 Rf8 25. Qb1 Kh8 26. e5 Qe7 {[%cal Rd6e5]} 27. e6 ({And not} 27. exd6 Qe3+ 28. Kh1 Nf6 $11) 27... Nf6 (27... Qc7 $142 28. Qc2 Nf6) 28. Qb6 $1 {[%csl LRa6,LRd6]} Rd8 29. Rf1 Kg8 30. a5 g4 (30... Kh7 $142 31. Qxa6 g4) 31. Nf4 Qe8 32. Ng6 d3 33. e7 Rd7 34. Bxd6 Ne4 35. Be5 {White mates.} Rxe7 36. Nxe7+ Qxe7 37. Bxg7 Nd2 38. Qb8+ {Accuracy: White = 87%, Black = 41%.} 1-0

[Event "Festival Szmetan-Giardelli 2018"]
[Site "Buenos Aires"]
[Date "2018.12.11"]
[Round "7"]
[White "Darcyl, Tomas"]
[Black "Bachmann, Axel"]
[Result "0-1"]
[WhiteElo "2366"]
[BlackElo "2621"]
[Annotator "TA"]
[PlyCount "30"]
[EventDate "2018.12.04"]
[EventType "tourn"]
[EventCountry "ARG"]
[SourceTitle "playchess.com"]
[Source "ChessBase"]
[SourceQuality "1"]

{[%evp 9,30,18,40,41,63,54,96,106,84,64,66,54,59,-119,-108,-105,-112,-113,-85,-484,-480,-465,-471]} 1. c4 e5 2. e3 f5 3. d4 e4 4. Nc3 Nf6 5. f3 g6 $146 ({Predecessor:} 5... Bb4 6. Bd2 Qe7 7. Nh3 O-O 8. Be2 c5 9. Nb5 exf3 10. gxf3 Nc6 11. Bxb4 Nxb4 12. Qd2 a6 {½-½ (39) Fernandez Diaz Mascort,M (2065)-Dahale,A (2040) Barbera del Valles 2018}) 6. Nh3 {A21: English Opening: 1...e5 2 Nc3} Qe7 7. fxe4 fxe4 8. g4 {[%cal Bg2g4,Bg4g5][%mdl 32] White is better.} d6 9. g5 Nh5 $1 10. Nd5 Qd8 11. Be2 $2 {[#]} (11. Bd2 $14 {keeps the upper hand.}) 11... Bxh3 $17 12. Bxh5 Qxg5 {And now ...Qg2 would win.} 13. Bg4 Bxg4 {[#]} 14. h4 $2 {[%mdl 8192]} (14. Qxg4 $1 $17 {[%mdl 512] was the crucial defense.} Qxg4 15. Nf6+ Ke7 16. Nxg4) 14... Bxd1 15. hxg5 Bf3 0-1

[Event "Festival Szmetan-Giardelli 2018"]
[Site "Buenos Aires"]
[Date "2018.12.12"]
[Round "8"]
[White "Iturrizaga Bonelli, Eduardo"]
[Black "Granda Zuniga, Julio E"]
[Result "1-0"]
[WhiteElo "2628"]
[BlackElo "2650"]
[Annotator "TA"]
[PlyCount "98"]
[EventDate "2018.12.04"]
[EventType "tourn"]
[EventCountry "ARG"]
[SourceTitle "playchess.com"]
[Source "ChessBase"]
[SourceQuality "1"]

{[%evp 19,98,13,10,0,0,0,14,18,18,2,8,10,8,0,16,-21,43,-16,58,63,78,67,129,137,117,107,140,120,139,125,176,186,224,199,198,193,198,197,197,202,203,202,189,199,194,199,206,200,211,207,193,193,188,181,176,183,266,266,237,218,714,714,710,703,703,703,695,695,695,689,687,658,629,596,623,385,629,622,563,385,533]} 1. c4 e5 2. g3 Nf6 3. Bg2 d5 4. cxd5 Nxd5 5. Nf3 Nc6 6. O-O Nb6 7. b3 {A20: English Opening: 1...e5} (7. d3 Be7 8. a3 O-O 9. Nbd2 a5 10. b3 f5 11. Bb2 Bf6 12. Qc2 Kh8 13. Rac1 Be6 14. Nc4 Nxc4 15. bxc4 Rb8 16. e3 Qe8 17. d4 e4 {1-0 (39) Ivanchuk,V (2726)-Harikrishna,P (2744) Huaian 2017}) 7... g6 8. Bb2 Bg7 9. d3 O-O 10. Nc3 Re8 {LiveBook: 4 Games} 11. Rc1 Nd4 12. Nd2 c6 13. e3 Nf5 $146 ({Predecessor:} 13... Ne6 14. Nf3 {1-0 (32) Ribli,Z (2602)-Brkic,A (2477) Neum 2005}) 14. Qe2 Nd6 15. Rfd1 f5 16. Nc4 $36 {[%mdl 2048] Black is under pressure.} Nf7 17. e4 Nd7 (17... f4 $11) 18. b4 (18. exf5 $14 gxf5 19. b4) 18... Nf8 (18... f4 $1 $11) 19. exf5 $14 gxf5 20. b5 c5 ({Black should try} 20... Bd7 $14) 21. Na4 Ne6 22. Ne3 (22. Nxe5 $2 Nd4 $17) 22... Nd4 23. Qh5 f4 {[#]} 24. Bxd4 $1 (24. Rxc5 fxe3 25. fxe3 Ne6 $15) 24... exd4 {[#]} (24... cxd4 $16 {was necessary.} 25. Nd5 Nh6) 25. Nc4 $1 $18 (25. Bd5 Be6 $11) 25... Ne5 {[#] aiming for ...Bg4.} 26. Nd6 $1 {[%mdl 512]} Bg4 (26... Qxd6 27. Qxe8+) 27. Qxe8+ Qxe8 28. Nxe8 Rxe8 29. Nxc5 (29. gxf4 $6 Bxd1 30. Rxd1 Ng6 $16) 29... Bxd1 30. Bd5+ (30. Rxd1 $6 f3) 30... Kh8 {And now ...Be2 would win.} 31. Rxd1 b6 32. Ne6 ({Don't play} 32. gxf4 $6 bxc5 33. fxe5 Rxe5 $16) 32... f3 33. Ng5 Rf8 34. Be4 h6 35. Ne6 {[%mdl 64] Double Attack} Re8 36. Nxd4 Nxd3 37. Bc6 ({Don't take} 37. Bxd3 $6 Bxd4 38. Bf1 Bc5 $16) ({Don't do} 37. Nxf3 $6 Nxf2 38. Kxf2 Rxe4 $14) 37... Re1+ (37... Re2 {is a better defense.}) 38. Rxe1 Nxe1 39. Nxf3 Nxf3+ $2 (39... Nd3 40. Bd5 Bf8) 40. Bxf3 {[%mdl 4096] Endgame KB-KB} Bd4 41. Kg2 Kg7 42. Be4 Kf6 43. f4 Bc3 44. Kf3 Bb4 45. Bc6 Bc3 46. Bd7 Bb4 47. Ke2 Kf7 $2 (47... Ke7 48. Bf5 Bc3) 48. g4 Be7 49. Kf3 Bh4 {Accuracy: White = 80%, Black = 38%.} 1-0

[Event "Festival Szmetan-Giardelli 2018"]
[Site "Buenos Aires"]
[Date "2018.12.12"]
[Round "8"]
[White "Bacallao Alonso, Yusnel"]
[Black "Flores, Diego"]
[Result "1-0"]
[WhiteElo "2582"]
[BlackElo "2631"]
[Annotator "TA"]
[PlyCount "100"]
[EventDate "2018.12.04"]
[EventType "tourn"]
[EventCountry "ARG"]
[SourceTitle "playchess.com"]
[Source "ChessBase"]
[SourceQuality "1"]

{[%evp 12,100,43,45,45,47,43,52,50,46,51,48,68,75,96,90,97,82,82,70,75,41,40,30,39,32,44,0,68,67,69,66,66,74,60,21,13,17,20,21,66,52,86,82,91,90,119,111,125,115,231,231,231,138,244,235,242,197,237,237,266,266,323,323,399,381,388,399,217,448,477,426,445,462,446,424,481,481,557,541,786,727,787,816,1219,1209,1172,1143,2097,1857,5787]} 1. Nf3 Nf6 2. c4 c5 3. Nc3 b6 4. e3 {[%cal Be2e3,Be3e4,Be4e5,Be5d6][%mdl 32]} g6 5. d4 Bg7 6. d5 {A47: 1 d4 Nf6 2 Nf3 b6: Torre, London and Colle Systems} O-O 7. e4 {LiveBook: 14 Games} e6 8. e5 $146 {White is slightly better.} ({Predecessor:} 8. Bd3 exd5 9. cxd5 d6 10. h3 b5 11. O-O b4 12. Ne2 Re8 13. Ng3 Ba6 14. Bxa6 Nxa6 15. Qd3 Qb6 16. Nd2 Nc7 17. Nc4 Qa6 18. Bf4 Rad8 19. a3 b3 {0-1 (44) Jaracz,P (2527)-Grooten,H (2375) Cappelle-la-Grande 2008}) 8... Ng4 9. Bg5 f6 10. Bh4 d6 11. exd6 e5 12. Be2 Nh6 13. Nxe5 $1 {Nc6 is the strong threat.} Nf5 14. Nc6 Qxd6 15. Bg3 $1 {[%cal Rg3d6]} Nxg3 16. hxg3 (16. Nb5 $5 {[%cal Rb5d6]} Qd7 17. hxg3 $14) 16... Nxc6 17. dxc6 Qxc6 18. Bf3 Qe8+ $1 19. Kf1 {[%cal Be1f1,Bf1g1,Bg1g2][%mdl 32]} Be6 ({Black should try} 19... Rb8 $1 $11) 20. Bxa8 $14 Bxc4+ 21. Kg1 Qxa8 22. Rh4 Bf7 23. Qf3 f5 24. Rd1 Qxf3 25. gxf3 Bd4 26. Kg2 a6 27. Rd2 b5 28. Rh1 $1 Kg7 29. Rc1 Bf6 30. Rd6 b4 (30... Ra8 $16 {was necessary.}) 31. Nd5 $18 Bd4 32. b3 (32. Rd7 $18) 32... Re8 (32... Bxd5 $16 33. Rxd5 Re8) 33. Kf1 $1 a5 34. Nc7 Re7 {[#] With the idea ...Be5.} 35. Nb5 $1 Be5 {[#]} 36. Ra6 $1 ({And not} 36. Rxc5 Bxd6 37. Nxd6 Ra7 $11) 36... c4 37. bxc4 Bb2 38. Rc2 Bc3 39. Nd6 Re1+ 40. Kg2 Be6 {White is clearly winning.} 41. Rxa5 Kf6 {and the idea ...b3 leaves Black hopeful.} 42. Ra7 g5 43. Nb5 Ba1 44. Nc7 Bf7 45. Nd5+ {[%mdl 64] Double Attack} Kg7 46. Nxb4 g4 47. c5 {[%cal Bc4c5,Bc5c6][%mdl 32]} Kf6 48. c6 gxf3+ 49. Kxf3 Bh5+ 50. Kg2 f4 {Accuracy: White = 87%, Black = 45%.} 1-0

[Event "Festival Szmetan-Giardelli 2018"]
[Site "Buenos Aires"]
[Date "2018.12.12"]
[Round "8"]
[White "Perez Ponsa, Federico"]
[Black "Darcyl, Tomas"]
[Result "1/2-1/2"]
[WhiteElo "2554"]
[BlackElo "2366"]
[Annotator "TA"]
[PlyCount "48"]
[EventDate "2018.12.04"]
[EventType "tourn"]
[EventCountry "ARG"]
[SourceTitle "playchess.com"]
[Source "ChessBase"]
[SourceQuality "1"]

{[%evp 24,48,0,0,13,4,45,0,0,0,-13,-7,0,0,-15,0,0,-26,0,0,0,0,0,0,0,-77,-83]} 1. e4 c5 2. Nf3 d6 3. d4 Nf6 4. Nc3 cxd4 5. Nxd4 a6 6. f3 e5 7. Nb3 Be6 8. Be3 h5 9. Qd2 Nbd7 10. O-O-O Be7 11. Kb1 b5 {B90: Sicilian Najdorf: Unusual White 6th moves, 6 Be3 Ng4 and 6 Be3 e5} 12. a3 (12. h4 O-O 13. Bg5 Rc8 14. a3 Qc7 15. g4 hxg4 16. fxg4 Nb6 17. Bxf6 Bxf6 18. g5 {½-½ (70) Yu,Y (2751)-Vachier Lagrave,M (2789) Riadh 2017}) 12... Rc8 13. Bg5 {[#] LiveBook: 3 Games} Qb6 $146 {The position is equal.} ({Predecessor:} 13... Qc7 14. h4 Nb6 15. Bxf6 gxf6 16. Na5 Rg8 17. g4 hxg4 18. fxg4 Rxg4 19. h5 Rg8 {1-0 (27) Demchenko,A (2645)-Areshchenko,A (2652) Tbilisi 2017}) 14. h4 Nc5 15. Nd5 ({Better is} 15. Nxc5 $14 Qxc5 16. g3) 15... Nxd5 $11 16. exd5 {[#] Strongly threatening Nxc5.} Bf5 17. Nxc5 Rxc5 18. Bd3 Bxd3 19. Qxd3 {Be3 is the strong threat.} Rc4 20. Rhe1 Bxg5 21. hxg5 g6 22. Re4 Rxe4 23. fxe4 Qf2 24. Rd2 (24. g3 $11) 24... Qf4 1/2-1/2